000 01960cam a22005534a 4500
001 muse59445
003 MdBmJHUP
005 20210127151124.0
006 m o d
007 cr||||||||nn|n
008 151210s2015 enk o 00 0 eng d
010 _z 2015452833
020 _a9781784996963
020 _a1784996963
020 _z9780719099700
020 _z0719099706
035 _a(OCoLC)980214780
040 _aMdBmJHUP
_cMdBmJHUP
043 _ae-uk---
050 0 4 _aRT86.5
_b.C65 2015
082 0 _a610.7309
_223
245 0 0 _aColonial caring
_bA history of colonial and post-colonial nursing /
_cedited by Helen Sweet and Sue Hawkins.
264 1 _bManchester University Press,
264 3 _bProject MUSE,
300 _a1 online resource (xiii, 248 pages) :
_billustrations, portraits ;
490 0 _aNursing history and humanities
504 _aIncludes bibliographical references (pages 237-242) and index.
506 0 _aOpen Access
_fUnrestricted online access
_2star
588 _aDescription based on print version record.
650 0 _aNursing.
_2fast
_0(OCoLC)fst01041731
650 2 0 _aHistory, 20th Century.
650 2 0 _aHistory, 19th Century.
650 2 0 _aColonialism.
650 1 0 _aHistory of Nursing.
650 0 _aNursing
_xSocial aspects.
650 0 _aPublic health nursing
_xColonies
_zGreat Britain
_xHistory.
655 0 _aHistory.
_2fast
_0(OCoLC)fst01411628
655 7 _aElectronic books.
_2local
700 1 _aHawkins, Sue,
_d1956-
_eeditor.
700 1 _aSweet, Helen M.,
_eeditor.
710 2 _aProject Muse.
_edistributor
830 0 _aNursing history and humanities.
830 0 _aBook collections on Project MUSE.
856 4 0 _zFull text available:
_uhttps://muse.jhu.edu/book/51414/
999 _c24687
_d24687